000 00522nam a2200181Ia 4500
008 240729s9999 xx 000 0 und d
022 _a1472-6823
245 0 _aBMC Endocrine Disorders
260 _aUnited Kingdom
260 _bBMC
650 _a Diseases of the endocrine glands. Clinical endocrinology
650 _a Internal medicine
650 _a Specialties of internal medicine
650 _aMedicine
856 _uhttps://doaj.org/toc/2c07d1d0b19440eea5dc94ba4cf86c65
942 _2ddc
942 _cDOAJEJ
999 _c73965
_d73965
945 _a1
_bMadushi Gamage
_c1
_dMadushi Gamage